000
00316nam a2200121Ia 4500
008
190216s9999||||xx |||||||||||||| ||und||
100
_a
Eric P Bloom
245
0
_a
Cobol The Language Of Business
260
_b
Bpb Publications
_c
1987
300
_a
198p
650
_a
"Computer Programming. Programs, Data"
942
_c
BK
999
_c
8502
_d
8502